[Event "GER-ch U12 Girls"]
[Site "Willingen"]
[Date "2022.06.06"]
[Round "3"]
[White "Zhou, Jenny"]
[Black "Halas, Neele Zoe"]
[Result "1/2-1/2"]
[WhiteElo "1272"]
[BlackElo "1415"]
[PlyCount "66"]
[EventDate "2022.06.04"]
[EventType "swiss"]
[EventRounds "9"]
[EventCountry "GER"]
[SourceTitle "CBM 208 Extra"]
[Source "ChessBase"]
[SourceDate "2022.07.31"]
[SourceVersion "1"]
[SourceVersionDate "2022.07.31"]
[SourceQuality "1"]

1. e4 e5 2. Nf3 Nc6 3. Bc4 Be7 4. d3 Nf6 5. 0-0 0-0 6. Nc3 d6 7. h3 a6 8. a4 Re8 9. Re1 h6 10. Be3 Bf8 11. Qd2 b6 12. d4 Bb7 13. d5 Ne7 14. b4 Nd7 15. b5 a5 16. Ne2 Kh7 17. Ng3 g6 18. h4 Nf6 19. Kf1 Ng4 20. Ke2 Nxe3 21. Qxe3 f5 22. exf5 Nxf5 23. Nxf5 gxf5 24. Rh1 Qf6 25. Kf1 e4 26. Qd4 Qxd4 27. Nxd4 Bg7 28. Rd1 Bxd4 29. Rxd4 Re5 30. g3 h5 31. Ke2 Rae8 32. Ke3 Kg6 33. Re1 Bc8 1/2-1/2

[Event "GER-ch U12 Girls"]
[Site "Willingen"]
[Date "2021.08.27"]
[Round "7"]
[White "Vogt, Luna"]
[Black "Zhou, Jenny"]
[Result "1/2-1/2"]
[WhiteElo "1147"]
[BlackElo "1268"]
[PlyCount "56"]
[EventDate "2021.08.22"]
[EventType "swiss"]
[EventRounds "9"]
[EventCountry "GER"]
[SourceTitle "EXT 2022"]
[Source "ChessBase"]
[SourceDate "2021.10.06"]
[SourceVersion "1"]
[SourceVersionDate "2021.10.06"]
[SourceQuality "1"]

1. d4 d5 2. c4 e6 3. Nf3 Nf6 4. Nc3 c6 5. Bg5 Nbd7 6. e3 Qa5 7. Nd2 dxc4 8. Bxc4 Qxg5 9. 0-0 e5 10. f4 exf4 11. Rxf4 Bd6 12. Nde4 Nxe4 13. Nxe4 Qh6 14. Nxd6+ Qxd6 15. Bxf7+ Kd8 16. Qg4 g6 17. Qh4+ Kc7 18. Qh6 b6 19. Rc1 Qe7 20. e4 Qf8 21. Qg5 Qd8 22. Qg3 Kb7 23. Qc3 Qc7 24. Rf3 Rd8 25. Bd5 Nb8 26. b4 Qd6 27. Rf7+ Bd7 28. Bb3 a5 1/2-1/2